000 01433nam a2200349 4500
001 vtls001918860
003 MY-SjTCS
005 20200226121345.0
008 110218s2000 xxka 001 eng
020 _a0712680772
020 _a0712662596 (pbk., reprinted)
020 _a9780712662598 (pbk., reprinted)
039 9 _a201102181435
_bVLOAD
_c201102181435
_dVLOAD
_c200712261448
_dchon ling
_c200712261440
_dchon ling
_y200407271916
_zVLOAD
082 0 4 _a332.014
_bBRE
100 _aBrett, Michael,
_d1939-
_911504
245 1 0 _aHow to read the financial pages :
_ba simple guide to the way money works and the jargon with internet sources /
_cMichael Brett
246 0 3 _aHow to read the financial pages : understand the jargon of the financial world : a simple guide to the way money works
260 _a5th ed.
260 _aLondon :
_bRandom House Business Books,
_cc2000
_greprinted 2003
300 _a428p. :
_bill. ;
_c22 cm
_c23 cm.
500 _a"With internet sources"-- Cover.
500 _aIncludes index.
590 _aBritish Degree Programme (UWE) : UMAC36-2
591 _aDiploma in Business : MGTD204
650 0 _aJournalism, Commercial.
_983673
650 0 _aNewspapers
_xSections, columns, etc.
_xFinance.
650 0 _aFinancial futures.
_922232
650 0 _aFinance
_xTerminology.
_913753
920 _aUOSM : 23493, 23494
921 _aBDP (UWE) : 501274, 501275, 501458
922 _aDIB : 675038
999 _c181439